LEADER 00769nam0-2200289---450- 001 990008605610403321 005 20090921111316.0 035 $a000860561 035 $aFED01000860561 035 $a(Aleph)000860561FED01 035 $a000860561 100 $a20080124d1997----km-y0itay50------ba 101 0 $aeng 102 $aGB 105 $aa-------001yy 200 1 $aDeveloper contributions$ethe bargaining process 210 $aLondon$cCarfax$d1997 215 $ap.1935-2075$cill.$d24 cm 225 1 $aUrban studies$v24, 12 610 0 $aSviluppo 801 0$aIT$bUNINA$gRICA$2UNIMARC 901 $aBK 912 $a990008605610403321 952 $aCons.3 U.S.(034,12)$bNBG$fILFGE 959 $aILFGE 996 $aDeveloper contributions$9712616 997 $aUNINA LEADER 01984oam 2200529M 450 001 9910716346803321 005 20200213070611.7 035 $a(CKB)5470000002520668 035 $a(OCoLC)1065967806 035 $a(OCoLC)995470000002520668 035 $a(EXLCZ)995470000002520668 100 $a20071213d1926 ua 0 101 0 $aeng 135 $aurcn||||||||| 181 $ctxt$2rdacontent 182 $cc$2rdamedia 183 $acr$2rdacarrier 200 10$aPayment to the retired members of the Police and Fire Departments of the District of Columbia. March 20 (calendar day, March 22), 1926. -- Ordered to be printed 210 1$a[Washington, D.C.] :$c[U.S. Government Printing Office],$d1926. 215 $a1 online resource (3 pages) 225 1 $aSenate report / 69th Congress, 1st session. Senate ;$vno. 426 225 1 $a[United States congressional serial set ] ;$v[serial no. 8524] 300 $aBatch processed record: Metadata reviewed, not verified. Some fields updated by batch processes. 300 $aFDLP item number not assigned. 517 $aPayment to the retired members of the Police and Fire Departments of the District of Columbia. March 20 606 $aCivil service$xPensions 606 $aPension trusts 606 $aRetirement 606 $aFire fighters 606 $aPolice 608 $aLegislative materials.$2lcgft 615 0$aCivil service$xPensions. 615 0$aPension trusts. 615 0$aRetirement. 615 0$aFire fighters. 615 0$aPolice. 701 $aCapper$b Arthur$f1865-1951$pRepublican (KS)$01386839 801 0$bWYU 801 1$bWYU 801 2$bOCLCO 801 2$bOCLCQ 801 2$bOCLCO 801 2$bOCLCQ 906 $aBOOK 912 $a9910716346803321 996 $aPayment to the retired members of the Police and Fire Departments of the District of Columbia. March 20 (calendar day, March 22), 1926. -- Ordered to be printed$93441291 997 $aUNINA